Olivia Rodrigo song lyrics - No hints ! @9 - Statistics

General Stats
  • This quiz has been taken 150 times
  • The average score is 164 of 268
Answer Stats
Answer % Correct
a
95%
I
94%
you
94%
the
87%
be
83%
me
83%
to
79%
That
77%
that
77%
And
75%
and
75%
want
75%
your
75%
love
74%
I'm
73%
it
72%
my
72%
so
72%
am
71%
is
69%
who
68%
all
67%
All
67%
like
67%
where
67%
can
66%
know
65%
was
64%
are
63%
no
63%
for
62%
hate
62%
Of
62%
of
62%
They
62%
this
62%
This
62%
don't
61%
not
61%
one
60%
did
59%
But
58%
dream
58%
have
58%
it's
58%
could
57%
in
57%
more
57%
teenage
57%
think
57%
up
57%
can't
56%
if
56%
If
56%
out
56%
try
56%
get?
55%
Where's
55%
best
54%
cry
54%
every
54%
fucking
54%
sick
54%
before
53%
brutal
53%
even
53%
gonna
53%
Got
53%
I'll
53%
seventeen
53%
time
53%
time)
53%
wish
53%
hates
52%
here
52%
likes
52%
new
52%
say
52%
someone
52%
way
52%
"Enjoy
51%
God
51%
god
51%
life
51%
start
51%
'Cause
49%
die
49%
drink
49%
tells
49%
youth"
49%
kind
48%
myself
48%
people
48%
real
48%
done
47%
liked
47%
might
47%
only
47%
years
47%
caught
46%
friends
46%
these
46%
golden
45%
help
45%
I'd
45%
job
45%
news
45%
two
45%
cool
44%
disappear
44%
Ego
44%
ego
44%
feel
44%
song
44%
tired
44%
write
44%
crush
43%
insecure
43%
Quit
43%
upset
43%
anxious
42%
park
42%
smart
42%
thanks
42%
good
41%
nervous
41%
nothing
41%
severe
41%
disappointed
40%
exploited
40%
parallel
40%
stick
40%
lately
39%
they'd
39%
wreck
39%
(Yeah!)
39%
broken
38%
heart
38%
(Ah-ah-ah)
37%
messy
37%
perceived
37%
wants
35%
(Just
34%
Unrelentlessly
33%
really
21%
having
15%
No matching quizzes found
Score Distribution
Percent of People with Each Score
Percentile by Number Answered
Your Score History
You have not taken this quiz